| 000 | 00622cam a2200241 4500 | ||
|---|---|---|---|
| 005 | 20260322212005.0 | ||
| 008 | data | ||
| 010 | _a 72075410 | ||
| 020 | _a0151719802 | ||
| 020 | _a9780151719808 | ||
| 040 |
_aDLC _cDLC _dDLC |
||
| 050 | 0 | 0 |
_aQL795.C54 _bA28 1972 |
| 082 | 0 | 0 | _a599/.74428 |
| 092 | _a599 A28 1972 | ||
| 100 | 1 | _aAdamson, Joy. | |
| 245 | 1 | 0 |
_aPippa's challenge. _cJoy Adamson. |
| 250 | _a[1st American ed.] | ||
| 260 |
_aNew York, _bHarcourt Brace Jovanovich _c[1972] |
||
| 300 |
_axiv, 177 p. _billus. _c25 cm. |
||
| 500 | _a"A Helen and Kurt Wolff book." | ||
| 650 | 0 |
_aCheetah _xBiography. |
|
| 001 | data | ||
| 999 |
_c68 _d68 |
||